000 00973nam a2200241 i 4500
001 102530
003 ES-MaACL
005 20250827062616.0
007 t|
008 051117s1948 sp ||||1| spa d
110 1 _aEspaña
_93622
240 1 0 _aLeyes, etc., mercantiles
245 1 0 _aLeyes mercantiles
_b: (conforme a los textos oficiales) /
_cconcordadas, anotadas y con índices completísimos por Gregorio Peces Barba del Brio e Inocente Barrios Navarro.
260 _aMadrid :
_bLex,
_c1948.
300 _a342 p., 76 p., 61 p., 35 p., 300 p., 286 p., 154 p., 59 p., 497 p., 228 p., 13 p., 74 p., 3 h. ;
_c17 cm.
490 1 _aCódigos y leyes españolas
500 _aPrecede al tít.: Legislación Española.
700 1 _aPeces-Barba del Brío, Gregorio,
_d1912-1997
_989836
700 1 _aBarrios Navarro, Inocente.
_926032
830 0 _aCódigos y leyes españolas
_9184146
852 _aES-MaACL
_jE-496
_bR.27365
999 _c102530
_d102530